| 000 | 00628nam a22001937a 4500 | ||
|---|---|---|---|
| 003 | OSt | ||
| 005 | 20250625012000.0 | ||
| 008 | 250625b |||||||| |||| 00| 0 eng d | ||
| 020 | _a9786214061952 | ||
| 040 |
_aDWCL - Main lib _cOC |
||
| 082 | _aFil. 005.133 P788b 2019 | ||
| 100 | _aPomerada, Jake R. | ||
| 245 |
_aBeginner's guided to C++ programming./ _cJake R. Pomerada |
||
| 260 |
_aManila : _bMindshapers co., inc _c c2019. |
||
| 300 |
_axiv , 252 pages : _b illustrations ; _c25cm. |
||
| 504 | _aIncludes bibliographical references | ||
| 650 | _a1. C (Computer programming language) | ||
| 942 |
_2ddc _cBK - FIL _kFil. _n0 |
||
| 999 |
_c3255 _d3255 |
||